| 000 | 01312nam a2200313 a 4500 | ||
|---|---|---|---|
| 999 |
_c122012 _d122012 |
||
| 003 | BLK | ||
| 005 | 20241206005451.0 | ||
| 008 | 180409b bul|||||r ||||||| ||bul|| | ||
| 010 | _aKNG00127645000 | ||
| 040 | _aBLK | ||
| 041 |
_aBUL _cBUL |
||
| 080 |
_aБългарска литература _b821.163.2 _x-1 _z821.163.2-1 |
||
| 100 |
_aБагряна, Елисавета _d1893-1991 _qБелчева, Елисавета Любомирова _9364149 |
||
| 139 |
_aБагряна, Елисавета _bБ 13 |
||
| 245 | 1 | 0 |
_aСветлосенки _bСтихотворения 1973 - 1977 _cЕлисавета Багряна. |
| 257 | _aBGR | ||
| 260 |
_aСофия _bБълг. писател _c1977 |
||
| 300 |
_a119 с. _c22 см |
||
| 380 | _aX | ||
| 500 | _aИстинското име на авт. е Елисавета Любомирова Белчева. - 4 113 тир. - Съдържа и библиогр. справка за авт. | ||
| 700 |
_aБелчева, Елисавета Любомирова _9269418 |
||
| 852 | _aЦб 91723 | ||
| 856 | 4 |
_qpdf _i0.00 _ldisable |
|
| 856 | 4 |
_qpdf _i0.00 _ldisable |
|
| 942 |
_cKNG _n0 _s1 |
||
| 944 |
_aCR _c17.02.2012 _lCRON CRON _k |
||
| 944 |
_aED _c17.02.2012 _l17.02.2012 - от С1,Р / 17.02.2012 |
||
| 999 | _d122012 | ||